000 00873cam a2200289 i 4500
001 768714001
003 CO-MdBIC
005 20231201104736.0
008 231201t1979 sp ||||| |||| 00| 0 spa d
020 _a84-7228-465-4
040 _bspa.
_aCO-MdFUSB
_cCO-MdFUSB
_dCO-MdFUSBC
_erda
041 _aspa
082 0 4 _aG 231.765 G532c
100 1 _aGish, Duane T.
245 1 0 _aCreación, Evolución y el Registro Fósil / Duane T. Gish [et. al.] ; Santiago Escuain, Traductor
_c/
264 1 _aTerrassa, Barcelona, España : CLIE
_bClie,
_c[1979]
264 4 _c©1979
300 _a139 Pag
_c;
336 _atexto
_btxt
_2rdacontent
337 _2rdamedia
_asin mediación
_bn
338 _2rdacarrier
_avolumen
_bnc
650 7 _aCreación
_9251
650 7 _aEvolucionismo
_2embne
_96974
650 7 _aReligión y ciencia
_9259
942 _cBK
945 _ajohan1477
999 _c34530
_d34530